000
00329nam a2200133Ia 4500
008
220217s9999||||xx |||||||||||||| ||und||
020
_a
0-415-26995-4
082
_a
425 PAL
100
_a
Barrass, Robert
245
0
_a
Study!
260
_a
Routledge study guides
_b
London
_c
2007
300
_b
225
650
_a
GENERAL BOOKS
999
_c
176297
_d
176297